000
00246nam a2200097Ia 4500
001
714014
005
20250826162857.0
008
250824s9999 xx 000 0 und d
245
0
_a
ROL ÇALAN CESET
_c
CELİL OKER
260
_b
ALTIN KİTAPLAR YAYINLARI
999
_c
714014
_d
714014